Arte y estado en la España del siglo XX / (Record no. 285)

MARC details
000 -LEADER
campo de control de longitud fija 01181cam a2200349 a 4500
001 - NÚMERO DE CONTROL
campo de control 805285
003 - IDENTIFICADOR DE NÚMERO DE CONTROL
campo de control ASDERLÑPOJH
005 - FECHA Y HORA DE LA ÚLTIMA TRANSACCIÓN
campo de control 20220326193300.0
008 - DATOS DE LONGITUD FIJA--INFORMACIÓN GENERAL
campo de control de longitud fija 930831s1989 sp a b 000 0 spa d
010 ## - NÚMERO DE CONTROL DE LA BIBLIOTECA DEL CONGRESO
Número de control de LC 90184600
020 ## - NÚMERO INTERNACIONAL ESTÁNDAR DEL LIBRO
Número Internacional Estándar del Libro 8420670839
035 ## - NÚMERO DE CONTROL DEL SISTEMA
Número de control de sistema (OCoLC)ocm22276443
035 ## - NÚMERO DE CONTROL DEL SISTEMA
Número de control de sistema (CStRLIN)NYCG90-B399
035 ## - NÚMERO DE CONTROL DEL SISTEMA
Número de control de sistema (NNC)805285
040 ## - FUENTE DE CATALOGACIÓN
Centro catalogador/agencia de origen TxU
Centro/agencia transcriptor DLC
Centro/agencia modificador NNC
042 ## - CÓDIGO DE AUTENTICACIÓN
Código de autenticación lccopycat
043 ## - CÓDIGO DE ÁREA GEOGRÁFICA
Código de área geográfica e-sp---
050 04 - SIGNATURA TOPOGRÁFICA DE LA BIBLIOTECA DEL CONGRESO
Número de clasificación N7108
Número de ítem .J56 1989
082 ## - NÚMERO DE LA CLASIFICACIÓN DECIMAL DEWEY
Número de clasificación 709.46
Número de ítem J61a
100 1# - ENTRADA PRINCIPAL--NOMBRE DE PERSONA
Nombre de persona Jiménez-Blanco Carrillo de Albornoz, Ma. Dolores
Forma completa/desarrollada del nombre (María Dolores)
9 (RLIN) 1316
245 10 - MENCIÓN DEL TÍTULO
Título Arte y estado en la España del siglo XX /
Mención de responsabilidad, etc. Ma. Dolores Jiménez-Blanco Carrillo de Albornoz ; prólogo de Francisco Calvo Serraller.
260 ## - PUBLICACIÓN, DISTRIBUCIÓN, ETC.
Lugar de publicación, distribución, etc. Madrid :
Nombre del editor, distribuidor, etc. Alianza Editorial,
Fecha de publicación, distribución, etc. c1989.
300 ## - DESCRIPCIÓN FÍSICA
Extensión 299 p. :
Otras características físicas ill. ;
Dimensiones 23 cm.
490 1# - MENCIÓN DE SERIE
Mención de serie Alianza forma ;
Designación de volumen o secuencia 83
504 ## - NOTA DE BIBLIOGRAFÍA, ETC.
Nota de bibliografía, etc. Includes bibliographical references.
650 #0 - PUNTO DE ACCESO ADICIONAL DE MATERIA--TÉRMINO DE MATERIA
Término de materia o nombre geográfico como elemento de entrada Art, Spanish
Subdivisión cronológica 20th century.
9 (RLIN) 1317
650 #0 - PUNTO DE ACCESO ADICIONAL DE MATERIA--TÉRMINO DE MATERIA
Subdivisión general Arte español-siglo 20
-- Arte y estado-España
-- Historia-S. 20
9 (RLIN) 1318
650 #0 - PUNTO DE ACCESO ADICIONAL DE MATERIA--TÉRMINO DE MATERIA
Término de materia o nombre geográfico como elemento de entrada Art and state
Subdivisión geográfica Spain
Subdivisión general History
Subdivisión cronológica 20th century.
9 (RLIN) 1319
830 #0 - PUNTO DE ACCESO ADICIONAL DE SERIE-TÍTULO UNIFORME
Título uniforme Alianza forma ;
Designación de volumen o secuencia 83.
9 (RLIN) 1320
Holdings
Estatus retirado Estado de pérdida Fuente del sistema de clasificación o colocación Estado de daño No para préstamo Biblioteca de origen Biblioteca actual Ubicación en estantería Fecha de adquisición Total de préstamos Signatura topográfica completa Código de barras Visto por última vez Precio de reemplazo Tipo de ítem Koha
    Clasificación Decimal Dewey     Biblioteca LadoV Biblioteca LadoV   14/08/2014   709.46 J61a 000282 14/08/2014 14/08/2014 Material 01